BIBLIOTECA

SENCICO

El diseño en el tiempo : Movimientos y estilos del diseño contemporáneo (Registro nro. 749)

Detalles MARC
000 -LEADER
fixed length control field 00593nam a2200241Ia 4500
005 - DATE AND TIME OF LATEST TRANSACTION
control field 20251020182447.0
008 - FIXED-LENGTH DATA ELEMENTS--GENERAL INFORMATION
fixed length control field 200515s9999 xx 000 0 und d
020 ## - INTERNATIONAL STANDARD BOOK NUMBER
International Standard Book Number 978-84-8076-714-9
082 ## - DEWEY DECIMAL CLASSIFICATION NUMBER
Classification number 608.5:301/B24
100 ## - MAIN ENTRY--PERSONAL NAME
Personal name Bhaskaran, Lakshmi
245 #0 - TITLE STATEMENT
Title El diseño en el tiempo : Movimientos y estilos del diseño contemporáneo
250 ## - EDITION STATEMENT
Edition statement 1a ed.
260 ## - PUBLICATION, DISTRIBUTION, ETC.
Place of publication, distribution, etc. Barcelona
260 ## - PUBLICATION, DISTRIBUTION, ETC.
Name of publisher, distributor, etc. BLUME
260 ## - PUBLICATION, DISTRIBUTION, ETC.
Date of publication, distribution, etc. 2007
300 ## - PHYSICAL DESCRIPTION
Extent 256
300 ## - PHYSICAL DESCRIPTION
Other physical details il., tbl.
500 ## - GENERAL NOTE
General note 1 ejemplar
650 ## - SUBJECT ADDED ENTRY--TOPICAL TERM
Topical term or geographic name entry element DISEÑO
650 ## - SUBJECT ADDED ENTRY--TOPICAL TERM
Topical term or geographic name entry element DISEÑO CONTEMPORANEO
942 ## - ADDED ENTRY ELEMENTS (KOHA)
Koha item type Libros
Existencias
Fecha de la última vez que lo usaron Pago total Signatura topográfica completa Código de barras Precio efectivo desde Tipo de documento Estado perdido Estado dañado No es para préstamo Retirado Ubicación permanente Ubicación actual Fecha de adquisición
15/05/2020   608.5:301/B24 Bib-Lima15050749 15/05/2020 Libros         Biblioteca Central Lima Biblioteca Central Lima 15/05/2020